Tratado de derecho del trabajo : riesgos del trabajo. Obligación de seguridad. Accidentes y enfermedades inculpables. Tomo VI /
Guardado en:
| Otros Autores: | , |
|---|---|
| Formato: | Libro |
| Idioma: | Spanish |
| Publicado: |
Santa Fe :
Rubinzal Culzoni,
2007.
|
| Edición: | 1a. ed. |
| Materias: | |
| Etiquetas: |
Agregar Etiqueta
Sin Etiquetas, Sea el primero en etiquetar este registro!
|
| LEADER | 00649nam a22001695a 4500 | ||
|---|---|---|---|
| 001 | DER.der007538 | ||
| 008 | 180615s2007####ag#||||||||||||||#||spa|| | ||
| 005 | 20251114091319.0 | ||
| 245 | 1 | 0 | |a Tratado de derecho del trabajo : |p Tomo VI / |b riesgos del trabajo. Obligación de seguridad. Accidentes y enfermedades inculpables. |c dirigido por Mario E. Ackerman, y Diego M. Tosca. |
| 250 | |a 1a. ed. | ||
| 260 | |a Santa Fe : |b Rubinzal Culzoni, |c 2007. | ||
| 300 | |a 824 p. | ||
| 020 | |a 9789507278709 | ||
| 700 | 1 | |a Ackerman, Mario E. |e director | |
| 700 | 1 | |a Tosca, Diego M. |e coordinador | |
| 653 | |a DERECHO LABORAL | ||
| 859 | |a DERECHO |b BIB. DERECHO |h 344 |i TRA |p 005790 |3 Tomo VI | ||
